00000000cam 2200000zi 4500
0019.947586
003CaOODSP
00520260512135532
006m     o  d f      
007cr |||||||||||
008250130t20262026onca    o    f000 0 fre d
020 |a9780660755120
040 |aCaOODSP|bfre|erda|cCaOODSP
043 |an-cn---
0861 |aA104-632/2-2025F-PDF
24500|aEmpêchez les espèces envahissantes de se propager!
264 1|a[Ottawa] : |bAgence canadienne d'inspection des aliments = Canadian Food Inspection Agency, |c[2026]
264 4|c©2026
300 |a1 ressource en ligne (1 page) : |billustrations en couleur
336 |atexte|btxt|2rdacontent/fre
337 |ainformatique|bc|2rdamedia/fre
338 |aressource en ligne|bcr|2rdacarrier/fre
500 |aPublié aussi en anglais sous le titre : Stop invasive species in their tracks!
520 |a« Ces indésirables peuvent se déplacer avec vous. Vérifiez ces endroits critiques avant le départ. »
650 6|aEspèces introduites|xLutte contre|zCanada.
650 6|aFulgore tacheté|xLutte contre|zCanada.
7102 |aAgence canadienne d'inspection des aliments, |eorganisme de publication.
77508|tStop invasive species in their tracks!|w(CaOODSP)9.947585
85640|qPDF|s2.12 Mo|uhttps://publications.gc.ca/collections/collection_2026/acia-cfia/A104-632-2-2025-fra.pdf